[Event "AUTO-INT-741"]
[Site "http://www.queenalice.com/game.php?id=330765"]
[Date "2008.1.4"]
[Round "1"]
[White "hansstrik"]
[Black "MRocha"]
[Result "1-0"]
[WhiteElo "1848"]
[BlackElo "1598"]

1. e4 e5 2. Nf3 Nc6 3. Bb5 Nf6 4. O-O Bd6 5. d4 a6 6. Bxc6 dxc6 7. dxe5 Be7 8.
Qxd8+ Bxd8 9. exf6 gxf6 10. b3 f5 11. Bb2 Rg8 12. e5 f4 13. Nc3 Bh3 14. g3 Bxf1
15. Rxf1 fxg3 16. fxg3 h5 17. Kf2 b5 18. Ne4 Be7 19. Nd4 h4 20. Nxc6 hxg3+ 21.
hxg3 Kd7 22. Nxe7 Kxe7 23. Kg2 Rg4 24. Nf6 Rg6 25. Nd5+ Kd7 26. Nf4 Rc6 27. Rf2
Rg8 28. Nd5 Ke6 29. Nb4 Rb6 30. Nxa6 Rxa6 31. Rf6+ Kd5 32. Rxa6 1-0

[Event "AUTO-INT-741"]
[Site "http://www.queenalice.com/game.php?id=330778"]
[Date "2008.1.4"]
[Round "1"]
[White "hansstrik"]
[Black "Bagacinho"]
[Result "1-0"]
[WhiteElo "1693"]
[BlackElo "1500"]

1. e4 d6 2. d4 Nf6 3. Nc3 Nc6 4. Bb5 a6 5. Bxc6+ bxc6 6. Nf3 Qd7 7. O-O d5 8. e5
Ng4 9. h3 Nh6 10. Bxh6 gxh6 11. Nd2 Rb8 12. Nb3 Rg8 13. Qf3 Qe6 14. Ne2 Rb4 15.
c3 Rc4 16. Nf4 Qd7 17. Nc5 Qf5 18. b3 Rxc5 19. dxc5 Qxe5 20. Rae1 Qf5 21. Qe3
Bg7 22. Qxe7# 1-0

[Event "AUTO-INT-741"]
[Site "http://www.queenalice.com/game.php?id=330779"]
[Date "2008.1.4"]
[Round "1"]
[White "Bagacinho"]
[Black "hansstrik"]
[Result "0-1"]
[WhiteElo "1397"]
[BlackElo "1701"]

1. Nc3 d5 2. Nf3 Nc6 3. e3 e5 4. d3 Nf6 5. d4 e4 6. Nh4 g5 7. Nf3 exf3 8. Qxf3
Bg4 9. Qg3 Bd6 10. f4 gxf4 11. exf4 Nxd4 12. Qe3+ Qe7 13. Kf2 Qxe3+ 14. Bxe3
Nxc2 15. Bb5+ c6 16. Be2 Nxa1 17. Rxa1 Bxe2 18. Nxe2 Ng4+ 19. Kf3 Nxe3 20. Kxe3
Kd7 21. b3 Rae8+ 22. Kd2 c5 23. Rc1 Re7 24. g3 Rhe8 25. Nc3 d4 26. Nd5 Re2+ 27.
Kd3 Kc6 28. Nf6 R8e3+ 29. Kc4 b5# 0-1

[Event "AUTO-INT-741"]
[Site "http://www.queenalice.com/game.php?id=330780"]
[Date "2008.1.4"]
[Round "1"]
[White "hansstrik"]
[Black "inmocor1"]
[Result "1-0"]
[WhiteElo "1766"]
[BlackElo "1589"]

1. e4 e5 2. Nf3 f6 3. Nxe5 fxe5 4. Qh5+ g6 5. Qxe5+ Qe7 6. Qxh8 Qg7 7. Qxg7 Bxg7
8. Bc4 Nf6 9. d3 d6 10. Nc3 c6 11. O-O Nbd7 12. Bf4 Ne5 13. Bxe5 Kd7 14. Bxf6
Bxf6 15. Rad1 Kc7 16. Rfe1 Bd4 17. Bg8 Bg4 18. Bxh7 Bxd1 19. Rxd1 Rf8 20. Rf1 g5
21. Nd1 a5 22. c3 Be5 23. Bf5 b5 24. Ne3 Kb6 25. d4 Bg7 26. f4 Bh6 27. fxg5 Bxg5
28. Nc2 Rd8 29. g3 Bd2 30. Rd1 Bh6 31. h4 c5 32. g4 Bf4 33. g5 Rh8 34. g6 Bh6
35. Kf2 Bg7 36. Rh1 1-0

[Event "AUTO-INT-741"]
[Site "http://www.queenalice.com/game.php?id=330781"]
[Date "2008.1.4"]
[Round "1"]
[White "inmocor1"]
[Black "hansstrik"]
[Result "0-1"]
[WhiteElo "1571"]
[BlackElo "1784"]

1. e4 e5 2. d3 Nc6 3. c3 Nf6 4. Be2 Be7 5. Nf3 O-O 6. O-O d5 7. Nbd2 dxe4 8.
dxe4 Be6 9. Ng5 Qd7 10. Bb5 Rad8 11. Qe2 h6 12. Nxe6 Qxe6 13. Qe3 a6 14. Bc4 Qc8
15. Qg3 Nh5 16. Qf3 Nf4 17. Nb3 Ng6 18. Be3 Rd7 19. Qh5 Nf4 20. Bxf4 exf4 21.
Qf5 g5 22. g3 b5 23. Be6 fxe6 24. Qg6+ Kh8 25. Qxh6+ Kg8 26. Qxe6+ Kg7 27. Qxc6
Rf6 28. Qxf6+ Kxf6 29. f3 Bd6 30. g4 Qb7 31. Kg2 Qb6 32. Rad1 c5 33. Rfe1 Re7
34. Rd5 Re5 35. Red1 Rxd5 36. Rxd5 c4 37. Rf5+ Kg6 38. e5 Bxe5 39. Rxe5 cxb3 40.
axb3 Qd6 41. Re8 Qd2+ 0-1

[Event "AUTO-INT-710"]
[Site "http://www.queenalice.com/game.php?id=351377"]
[Date "2008.2.9"]
[Round "2"]
[White "MCMLXXXI"]
[Black "hansstrik"]
[Result "0-1"]
[WhiteElo "1851"]
[BlackElo "1831"]

1. e4 c5 2. Nf3 Nc6 3. d4 cxd4 4. Nxd4 Nf6 5. Nc3 d6 6. Bc4 e6 7. O-O Be7 8. Kh1
O-O 9. f4 d5 10. exd5 exd5 11. Bb3 Bg4 12. Qd3 Re8 13. h3 Bh5 14. g4 Bxg4 15.
hxg4 Nxg4 16. Qg3 h5 17. Nf3 d4 18. Nd5 Na5 19. Nxe7+ Rxe7 20. Ba4 Qd5 21. Kg2
Ne3+ 22. Bxe3 dxe3 23. Rh1 Qe4 24. Rxh5 Qxa4 25. b3 Qe4 26. Rc1 Rae8 27. Qh4 f6
28. Rxa5 b6 29. Ra4 Qd5 30. Rd4 Qf5 31. c4 e2 32. a4 Re3 33. Rd5 Qe4 34. Rb5
Qxf3+ 0-1

[Event "AUTO-INT-710"]
[Site "http://www.queenalice.com/game.php?id=351378"]
[Date "2008.2.9"]
[Round "2"]
[White "hansstrik"]
[Black "MCMLXXXI"]
[Result "1-0"]
[WhiteElo "1814"]
[BlackElo "1827"]

1. d4 d5 2. c4 e6 3. Nc3 Nf6 4. cxd5 exd5 5. Bg5 Bf5 6. Bxf6 gxf6 7. Nf3 Nc6 8.
a3 Be7 9. Qb3 Na5 10. Qxd5 Qxd5 11. Nxd5 Kd7 12. Rc1 c6 13. Nxe7 Kxe7 14. Rc5
Bc2 15. Rxc2 Rad8 16. Rc3 1-0

[Event "AUTO-INT-710"]
[Site "http://www.queenalice.com/game.php?id=351381"]
[Date "2008.2.9"]
[Round "2"]
[White "ignacius"]
[Black "hansstrik"]
[Result "0-1"]
[WhiteElo "1810"]
[BlackElo "1859"]

1. d4 d5 2. c4 e6 3. cxd5 exd5 4. Nc3 Bb4 5. e3 Nf6 6. Bb5+ c6 7. Bd3 O-O 8. Ne2
Bg4 9. O-O Nbd7 10. Qb3 Bxc3 11. bxc3 b5 12. f3 Bh5 13. Ng3 Bg6 14. Bxg6 fxg6
15. e4 Nb6 16. e5 Nh5 17. Ne2 g5 18. Qd1 Nc4 19. f4 gxf4 20. Nxf4 Nxf4 21. Rxf4
Qe7 22. Rg4 Rf7 23. Bh6 Kh8 24. Bg5 Qf8 25. Qe2 h6 26. Bh4 Re8 27. Rf1 Rxf1+ 28.
Qxf1 Qxf1+ 29. Kxf1 Ne3+ 30. Ke2 Nxg4 31. h3 Nxe5 32. dxe5 Rxe5+ 33. Kd3 Re4 34.
Bf2 Ra4 35. a3 Rxa3 36. Bc5 Ra2 37. g3 a5 38. Kd4 a4 39. Bb4 a3 40. Kc5 Ra1 41.
Kxc6 a2 42. c4 Rc1 0-1

[Event "AUTO-INT-710"]
[Site "http://www.queenalice.com/game.php?id=351382"]
[Date "2008.2.9"]
[Round "2"]
[White "hansstrik"]
[Black "ignacius"]
[Result "0-1"]
[WhiteElo "1873"]
[BlackElo "1827"]

1. d4 d5 2. c4 c6 3. Nf3 Bg4 4. Ne5 Bh5 5. cxd5 Qxd5 6. Nc3 Qe6 7. Nd3 Nf6 8.
Nf4 Qd7 9. Nxh5 Nxh5 10. e3 g6 11. Be2 Nf6 12. O-O Bg7 13. Qb3 O-O 14. Rd1 Nd5
15. e4 Nxc3 16. bxc3 Qc7 17. Ba3 Re8 18. Bc4 e6 19. d5 e5 20. d6 Qd7 21. Rd3 b5
22. Rad1 bxc4 23. Qxc4 a5 24. Rf3 Re6 25. Qd3 Na6 26. Rb1 c5 27. Rb6 Nb8 28.
Bxc5 Bf8 29. Qd5 Ra6 30. Qb3 Rxb6 31. Qxb6 Bxd6 32. Bxd6 Qxd6 33. Qb1 Nd7 34.
Rd3 Qc6 35. Qd1 Nc5 36. Rd8+ Kg7 37. f3 Qb6 38. Kf1 Qb5+ 39. Kf2 Rf6 40. Kg3 Nb7
41. Rd5 Qc4 42. Qd2 Qc7 43. Rd7 Qc6 44. Rd5 Qe8 45. c4 Rf4 46. Rb5 Qe7 47. Rxe5
Qh4# 0-1

[Event "AUTO-INT-741"]
[Site "http://www.queenalice.com/game.php?id=405897"]
[Date "2008.5.20"]
[Round "2"]
[White "arvo1938"]
[Black "hansstrik"]
[Result "1-0"]
[WhiteElo "1893"]
[BlackElo "1880"]

1. e4 c5 2. Nf3 Nc6 3. d4 cxd4 4. Nxd4 e5 5. Nb5 d6 6. Bc4 a6 7. Qf3 Nf6 8. N5c3
Nd4 9. Qd3 b5 10. Bd5 Nxd5 11. exd5 Bb7 12. Be3 b4 13. Ne4 f5 14. Bxd4 exd4 15.
Ng3 Bxd5 16. O-O Be7 17. Qxd4 Bf7 18. Nxf5 Bf6 19. Qxb4 Rb8 20. Qa4+ Kf8 21. Nd2
g6 22. Nh6 Bxb2 23. Rad1 Kg7 24. Nxf7 Kxf7 25. Qxa6 Re8 26. Nb3 Rb6 27. Qc4+ Kg7
28. Rd3 Qf6 29. Qc7+ 1-0

[Event "AUTO-INT-741"]
[Site "http://www.queenalice.com/game.php?id=405898"]
[Date "2008.5.20"]
[Round "2"]
[White "hansstrik"]
[Black "arvo1938"]
[Result "1-0"]
[WhiteElo "1887"]
[BlackElo "1977"]

1. d4 d5 2. c4 e6 3. Nc3 Nf6 4. cxd5 Nxd5 5. e4 Nxc3 6. bxc3 Qh4 7. Bd3 c5 8.
Nf3 Qg4 9. O-O Nc6 10. h3 Qh5 11. Re1 cxd4 12. cxd4 Bb4 13. Bd2 Bxd2 14. Qxd2
O-O 15. e5 Ne7 16. Ng5 h6 17. Ne4 Nd5 18. Ng3 Qg5 19. Qxg5 hxg5 20. Ne4 f6 21.
exf6 gxf6 22. Nd6 Nf4 23. Bc4 Kg7 24. Nxc8 Raxc8 25. Bxe6 Rc2 26. a4 Nxe6 27.
Rxe6 Kf7 28. Rae1 Kg6 29. Rd1 Rd8 30. d5 Ra2 31. Re4 Kf7 32. d6 Rd7 33. Rc4 Ke8
34. Rcd4 a6 35. g3 b5 36. axb5 axb5 37. h4 gxh4 38. Rxh4 Rf7 39. Rhd4 Kd7 40.
Rc1 Ra7 41. f4 f5 42. Rc5 b4 43. Rb5 Rf6 44. Rdd5 Rxd6 45. Rxf5 Ra2 46. Rfd5
Rxd5 47. Rxd5+ Ke6 48. Rb5 Rb2 49. g4 b3 50. Rb6+ Kf7 51. f5 Ke7 52. f6+ Kf7 53.
g5 Kg6 54. Rb7 Kxg5 55. f7 Rb1+ 56. Kf2 Rb2+ 57. Ke3 Rb1 58. f8=Q Re1+ 59. Kd2
Re6 60. Rxb3 1-0

[Event "AUTO-INT-688"]
[Site "http://www.queenalice.com/game.php?id=415389"]
[Date "2008.6.9"]
[Round "2"]
[White "umdoistresredondoredondo"]
[Black "hansstrik"]
[Result "0-1"]
[WhiteElo "1804"]
[BlackElo "1914"]

1. e4 c5 2. Nf3 Nc6 3. Bc4 Nf6 4. Nc3 e6 5. d4 cxd4 6. Nxd4 Bb4 7. Ne2 O-O 8.
O-O b6 9. a3 Bc5 10. b4 Be7 11. Bg5 Bb7 12. f3 Ne5 13. Bxf6 Bxf6 14. f4 Nxc4 15.
e5 Ne3 0-1

[Event "AUTO-INT-688"]
[Site "http://www.queenalice.com/game.php?id=415390"]
[Date "2008.6.9"]
[Round "2"]
[White "hansstrik"]
[Black "umdoistresredondoredondo"]
[Result "1-0"]
[WhiteElo "1901"]
[BlackElo "1817"]

1. d4 Nf6 2. c4 g6 3. Nc3 Bg7 4. e3 O-O 5. Nf3 b6 6. Be2 d6 7. O-O Bb7 8. b3 d5
9. Ba3 Re8 10. Qc2 dxc4 11. Bxc4 Bxf3 12. gxf3 e5 13. d5 a6 14. Rad1 b5 15. Be2
Nbd7 16. e4 1-0

[Event "AUTO-INT-688"]
[Site "http://www.queenalice.com/game.php?id=415393"]
[Date "2008.6.9"]
[Round "2"]
[White "hansstrik"]
[Black "chapichapo"]
[Result "1-0"]
[WhiteElo "1907"]
[BlackElo "1857"]

1. e4 e5 2. Nf3 Nf6 3. Nxe5 Nxe4 4. Qe2 Qe7 5. Qxe4 d6 6. d4 g6 7. Qe3 dxe5 8.
Qxe5 Qxe5+ 9. dxe5 Bg7 10. Bf4 O-O 11. Nc3 Re8 12. Nd5 Bxe5 13. O-O-O Bg4 14.
Bxe5 Bxd1 15. Nf6+ Kf8 16. Nxe8 Nc6 17. Kxd1 Nxe5 18. Nxc7 Rd8+ 19. Kc1 Ng4 20.
Bd3 Nxf2 21. Rf1 Nxd3+ 22. cxd3 Rc8 23. Kb1 Rxc7 24. Rd1 Ke7 25. b4 Ke6 26. Kb2
Kd5 27. Rc1 Rxc1 28. Kxc1 b5 29. Kd2 Kd4 30. a3 h5 31. Ke2 f5 32. g3 g5 33. h3
f4 34. gxf4 gxf4 35. h4 a6 36. Kf3 Kxd3 37. Kxf4 Kd4 38. Kg5 Ke5 39. Kg6 Kf4 40.
Kxh5 Kf5 41. Kh6 Kf6 42. h5 Kf7 43. Kg5 Kg7 44. h6+ Kh7 45. Kf5 Kxh6 46. Ke6 Kg6
47. Kd6 Kf6 48. Kc6 Ke6 49. Kb6 Kd6 50. Kxa6 Kc6 51. Ka5 Kb7 52. Kxb5 Ka7 53. a4
Kb7 54. a5 Ka7 55. Ka4 Ka6 56. b5+ Ka7 57. b6+ Ka6 58. Kb4 Kb7 59. Kb5 Ka8 60.
a6 Kb8 61. Kc6 Ka8 62. b7+ Kb8 63. a7+ Kxa7 64. Kc7 1-0

[Event "AUTO-INT-688"]
[Site "http://www.queenalice.com/game.php?id=415394"]
[Date "2008.6.9"]
[Round "2"]
[White "chapichapo"]
[Black "hansstrik"]
[Result "0-1"]
[WhiteElo "1822"]
[BlackElo "1873"]

1. e4 e5 2. Nf3 Nc6 3. Bc4 Bc5 4. c3 Nf6 5. d3 O-O 6. Nbd2 d5 7. exd5 Nxd5 8.
O-O Be6 9. Ne4 Qe7 10. Qb3 Na5 11. Qb5 Nxc4 12. Qxc4 Bb6 13. Qa4 f6 14. c4 Nf4
15. Bxf4 exf4 16. Rfe1 Qd7 17. Qc2 Rad8 18. Rad1 Qf7 19. b3 Qg6 20. b4 c6 21.
Nh4 Qf7 22. c5 Bc7 23. a4 Bb3 24. Qd2 Bxd1 25. Qxd1 f5 26. Nd6 Bxd6 27. cxd6
Rxd6 28. Re5 Qd7 29. Qh5 Rxd3 30. h3 Rd5 31. Rxd5 cxd5 32. Nf3 d4 33. Ng5 h6 34.
Nf3 d3 35. Ne5 Qd6 36. Nc4 Qxb4 37. Ne5 Qe1+ 0-1

[Event "AUTO-INT-735"]
[Site "http://www.queenalice.com/game.php?id=422349"]
[Date "2008.6.24"]
[Round "2"]
[White "samurai007"]
[Black "hansstrik"]
[Result "1-0"]
[WhiteElo "1820"]
[BlackElo "1921"]

1. e4 e5 2. Nf3 Nc6 3. Bb5 a6 4. Ba4 b5 5. Bb3 Bc5 6. O-O Nf6 7. Re1 O-O 8. Nc3
Bb7 9. d3 Ng4 10. Rf1 Na5 11. h3 Nxb3 12. axb3 d6 13. hxg4 Qd7 14. Nh4 c6 15.
Nf5 d5 16. Qf3 Rae8 17. g5 dxe4 18. Nxe4 Bb6 19. Nf6+ gxf6 20. Nh6+ Kh8 21.
Qxf6# 1-0

[Event "AUTO-INT-735"]
[Site "http://www.queenalice.com/game.php?id=422350"]
[Date "2008.6.24"]
[Round "2"]
[White "hansstrik"]
[Black "samurai007"]
[Result "1-0"]
[WhiteElo "1926"]
[BlackElo "1840"]

1. d4 e5 2. dxe5 Nc6 3. Nf3 Qe7 4. Bf4 d6 5. exd6 Qf6 6. Bc1 Qxd6 7. Qxd6 Bxd6
8. Bd2 Bf5 9. c3 O-O-O 10. e3 Nf6 11. Bc4 Na5 12. Bxf7 Rd7 13. Bb3 Rhd8 14. O-O
Nxb3 15. axb3 Bc2 16. Nd4 Bd3 17. Re1 c5 18. Ne6 Re8 19. Ng5 h6 20. Nf3 b5 21.
Na3 g5 22. h3 Kb7 23. c4 b4 24. Nb1 Red8 25. Bc1 Kb6 26. Nbd2 Re8 27. Nb1 Ne4
28. Nh2 Nxf2 29. Kxf2 Bxh2 30. g3 Be4 31. Nd2 1-0